| 000 -LEADER |
| fixed length control field |
00751nam a2200265Ia 4500 |
| 001 - CONTROL NUMBER |
| control field |
16597 |
| 003 - CONTROL NUMBER IDENTIFIER |
| control field |
GE_BSU |
| 008 - FIXED-LENGTH DATA ELEMENTS--GENERAL INFORMATION |
| fixed length control field |
181216s||||||||xx |||||||||||||| ||und|| |
| 020 ## - INTERNATIONAL STANDARD BOOK NUMBER |
| International Standard Book Number |
ISBN 9781888375794 |
| 040 ## - CATALOGING SOURCE |
| Transcribing agency |
GE_BSU |
| 080 ## - UNIVERSAL DECIMAL CLASSIFICATION NUMBER |
| Universal Decimal Classification number |
29 |
| 100 ## - MAIN ENTRY--PERSONAL NAME |
| Personal name |
Nhat Hạnh, Thich and Wietske Vriezen |
| 245 ## - TITLE STATEMENT |
| Title |
Mindful movements |
| 260 ## - PUBLICATION, DISTRIBUTION, ETC. |
| Place of publication, distribution, etc. |
Berkeley |
| 260 ## - PUBLICATION, DISTRIBUTION, ETC. |
| Name of publisher, distributor, etc. |
Parallax Press, |
| 260 ## - PUBLICATION, DISTRIBUTION, ETC. |
| Date of publication, distribution, etc. |
2008 |
| 300 ## - PHYSICAL DESCRIPTION |
| Extent |
59 p, col. ill, 19 cm. |
| 300 ## - PHYSICAL DESCRIPTION |
| Other physical details |
+ 1 videodisc (DVD : sd, col, 4 3/4 in.) |
| 653 ## - INDEX TERM--UNCONTROLLED |
| Uncontrolled term |
Meditation--Buddhism. Spiritual life--Buddhism. |
| 653 ## - INDEX TERM--UNCONTROLLED |
| Uncontrolled term |
Mindful movements |
| 653 ## - INDEX TERM--UNCONTROLLED |
| Uncontrolled term |
რელიგია |
| 653 ## - INDEX TERM--UNCONTROLLED |
| Uncontrolled term |
სულიერი ცხოვრება - ბუდიზმი. |
| 942 ## - ADDED ENTRY ELEMENTS (KOHA) |
| Koha item type |
წიგნი |